000 01338nam a2200337 i 4500
003 EG-GICUC
005 20260325174905.0
008 260325s19321350ua |||fr|||| 00| 0 ara d
040 _a EG-GICUC
_bara
_c EG-GICUC
_d EG-GICUC
_erda
041 0 _aara
082 0 4 _221
_a343
_bج ن . م
092 0 4 _221
099 _aLaw1 10 343 ج ن . م 1` ed - 1932
100 0 _a جندى عبدالملك بك
_eمؤلف.
245 1 2 _aالموسوعة الجنائية.
_nالجزء الثانى،
_pإضراب - تهديد /
_cتأليف جندى عبدالملك بك.
250 _aالطبعة الأولى
264 3 _aالقاهرة :
_bمطبعة دار الكتب المصرية،
_c1932.
300 _a768 ؛صفحة
_c24 سم.
_bإيضاحيات، صور، مثيليات ؛
336 _2rda content
_atext
337 _2rda media
_aComputer
338 _2rda carrier
_aOnline Resource
490 _aالموسوعة الجنائية ;
_vالجزء الثانى
504 _aيشتمل على إرجاعات ببليوجرافية.
546 _aالنص باللغة العربية
650 1 _aالعلوم الجنائية
_2qrmak
650 1 _aالقانون الجنائى
_2qrmak
651 1 _2qrmak
856 4 0 _uhttps://fll.law.cu.edu.eg/fulltext/bks/B10-08215.pdf
905 _a43
942 _2ddc
_cBK
_e21
_n0
999 _c66847
_d66847